MDQL
is popping MORE tags! Check the
thread
!
Quizzes
Events
Quiz Creation
Community
Videos
Private Events
Remove Ads
Sign In
Join for FREE
Feedback
Dark Mode
Quiz Categories
Sports
Geography
Music
Movies
Television
Just For Fun
Miscellaneous
History
Literature
Language
Science
Gaming
Entertainment
Religion
Holiday
For Kids
Quiz Lab
Recent
Popular Today
Quiz Kudos Today
Editor Picks
Curator Picks
Quizzes by...
Day
Popularity
Type
Ratings
Length
Year
Community
Subscriptions
Recent Discussions
Orange Saloon
Badges
Playlists
Quests
Create
Leaderboards
Showdown
Live 5
Trivia Bingo
Activity
Puzzle Library
Sporcle Events
Private Events
Virtual Trivia
Globe League
Become a Host
Pub Owners
SporcleCon
Opinionation
Our Games
Videos
Blog
Mobile Apps
Partnerships
Remove Ads and Go Orange
Feedback
Sports
Athletes
MLB
NBA
NHL
NFL
Soccer
Sports Teams
WWE
NCAA
Football
Premier League
Basketball
Baseball
Hockey
Golf
Tennis
Cricket
Rugby
Auto Racing
Olympics
World Cup
Sports
Athletes
MLB
NBA
NHL
NFL
Soccer
Sports Teams
WWE
NCAA
Football
Premier League
Basketball
Baseball
Hockey
Golf
Tennis
Cricket
Rugby
Auto Racing
Olympics
World Cup
Random Quiz
Search Sporcle
×
Quiz Lab
Quiz Lab
Sports
College
Type in answers that appear in a list
Type in answers that appear in a list
Classic
Best Score? Go Orange.
The 129 FBS college football schools Stats
Can you name the 129 FBS schools?
By
cmal33
13m
129 Questions
2,558 Plays
2,558 Plays
2,558 Plays
Comments
Comments
Give Quiz Kudos
Give Quiz Kudos
-
- Ratings
hide this ad
Replay
Link that replays current quiz
Next Quiz
Link to next quiz in quiz playlist
You Got
0%
They Got
Avg Score
77%
Avg Friend Score
Upgrade to see
Score Distribution
Jump to the score distribution portion of the page
Score
0/129
Timer
13:00
0
Plays Today
Conference
school
% Correct
SEC
Florida
95.8%
Big XII
Texas
95.8%
Big Ten
Michigan
95.6%
MAC
Ohio
95.3%
SEC
Alabama
95.2%
ACC
North Carolina
94.9%
SEC
Georgia
94.6%
ACC
Florida State
94.5%
Big Ten
Michigan State
94.5%
Pac-
12
Oregon
94.3%
Big Ten
Ohio State
94.1%
Pac-
12
USC
93.9%
Pac-
12
Washington
93.5%
ACC
Miami
93.5%
Big XII
Oklahoma
93.5%
Pac-
12
Arizona
92.8%
Pac-
12
UCLA
92.7%
SEC
Mississippi
92.7%
Pac-
12
Oregon State
92.6%
SEC
Louisiana State
92.5%
ACC
Virginia
92.3%
Independent
Notre Dame
92.2%
Pac-
12
Arizona State
92.2%
Big XII
Oklahoma State
92.1%
Big Ten
Iowa
92.1%
Pac-
12
Washington State
92%
SEC
Kentucky
91.8%
Big XII
Texas Tech
91.4%
SEC
South Carolina
91.3%
Big Ten
Penn State
91%
SEC
Tennessee
90.8%
SEC
Arkansas
90.8%
Big XII
Kansas
90.8%
ACC
Duke
90.6%
Big Ten
Wisconsin
90.6%
Big Ten
Illinois
90.6%
SEC
Mississippi State
90.2%
Big XII
West Virginia
90.1%
Big Ten
Indiana
90%
Pac-
12
California
90%
ACC
Virginia Tech
89.9%
ACC
Georgia Tech
89.6%
ACC
Clemson
89.4%
Conference
school
% Correct
SEC
Auburn
89.3%
Big XII
Kansas State
89.2%
Pac-
12
Stanford
88.4%
Big Ten
Minnesota
87.8%
American
Navy
87.7%
Big XII
Iowa State
87.3%
Independent
Army
87.1%
ACC
North Carolina State
87.1%
Big XII
Texas Christian
87%
Big XII
Baylor
86.3%
SEC
Vanderbilt
86%
Big Ten
Purdue
85.9%
ACC
Boston College
85.7%
ACC
Syracuse
85.5%
SEC
Texas A&M
85.3%
Pac-
12
Colorado
85.3%
American
Connecticut
84.9%
Big Ten
Northwestern
84.8%
Pac-
12
Utah
84.7%
American
Central Florida
84.3%
Big Ten
Nebraska
84.2%
SEC
Missouri
83.8%
American
Tulane
83.4%
Big Ten
Maryland
83.2%
American
Tulsa
83.1%
American
South Florida
83%
MWC
Colorado State
82.6%
MWC
New Mexico
82.1%
American
Temple
81.9%
ACC
Wake Forest
81.7%
MWC
Utah State
81.7%
Big Ten
Rutgers
81.4%
Independent
Massachusetts
80.3%
MWC
Air Force
79.7%
American
Cincinnati
79.3%
MWC
Boise State
79.3%
ACC
Louisville
79.2%
ACC
Pittsburgh
78.9%
Independent
BYU
77.7%
MAC
Western Michigan
76%
American
Houston
75.9%
MWC
San Jose State
75.6%
MWC
Wyoming
75.5%
Conference
school
% Correct
MWC
San Diego State
75.1%
MAC
Eastern Michigan
74.7%
MWC
UNLV
74.4%
MAC
Central Michigan
74.2%
MAC
Miami-Ohio
73.3%
MWC
Nevada
72.4%
Conference USA
Florida International
71.7%
American
Memphis
71.2%
American
Southern Methodist
70.4%
Conference USA
Western Kentucky
69.9%
Sun Belt
Arkansas State
69.2%
MAC
Akron
68.6%
Conference USA
Texas-El Paso
68.2%
Sun Belt
Idaho
68.1%
Sun Belt
New Mexico State
67.8%
Sun Belt
Georgia State
67.7%
MWC
Hawaii
66.8%
MAC
Toledo
66.7%
Conference USA
Texas-San Antonio
66.4%
Conference USA
Rice
66.1%
MAC
Buffalo
65.4%
Conference USA
Marshall
65.2%
Conference USA
Florida Atlantic
64.7%
Sun Belt
South Alabama
64.2%
Conference USA
Charlotte
64%
Conference USA
Middle Tennessee State
63.2%
Sun Belt
Louisiana-Monroe
63.1%
Sun Belt
Louisiana-Lafayette
63.1%
MAC
Bowling Green
63%
American
East Carolina
63%
MAC
Northern Illinois
62.7%
Conference USA
Old Dominion
61%
MWC
Fresno State
61%
Sun Belt
Georgia Southern
60.8%
Conference USA
North Texas
60.8%
Conference USA
Southern Mississippi
60.4%
Sun Belt
Troy
60.4%
Sun Belt
Texas State
59.3%
MAC
Kent State
58.7%
MAC
Ball State
58.6%
Conference USA
Louisiana Tech
58.3%
Sun Belt
Appalachian State
54.8%
Sun Belt
Coastal Carolina
48.8%
Quiz Playlist
Details
Report
Send in Message
Add To Playlist
Classic:
Type in answers that appear in a list
Last Updated: Jul 30, 2018
Quiz Scoreboard
CHALLENGE
Sign Up to Join the Scoreboard
Show All
Scores
Hide
Comments
May contain spoilers
Recently Published
1-10 Letter E Words III
by El_Dandy
Language
2m
Street Fighter Characters
by Artimus82
Gaming
60s
College Basketball Coaching Resumes
by pancakes188
Sports
9m
More to Explore
Quiz From the Vault
Featured Blog Post
Where Did the Easter Bunny Come From?
hide this ad
You Might Also Like...
Tags
College Quiz
Football Quiz
120
Conference
FBS
school
Today's Top Quizzes in Sports
Browse Sports
hide this ad
Today's Top Quizzes in College
Browse College
Top Contributed Quizzes in Sports
1
2022 World Cup Stars
2
Les meilleurs buteurs des matchs entre le PSG et l’OM
3
FIFA Club World Cup Champions
4
Les entraîneurs de l'OM et du PSG au 21e siècle
5
Criteria MLB: Left Handed Sluggers
6
2023 MLB Unique Player Accomplishments
7
AFC Teams Reveal (Wrong Answers Minefield)
8
Players with Multiple 50 Home Run Seasons
9
5-to-1: FBS Animal Nicknames
10
5-to-1: UK Sports Teams
Explore More
Trending Topics
Marvel
NBA
Crossword
Disney
Anime
Kpop
Harry Potter
Pokémon
Country
The Office
Soccer
Song
NFL
Puzzle
WWE
hide this ad
More By:
cmal33
Quiz
Plays
Rating
Category
Featured
Created
NFL Passing Yards by Lefties
78,758
4.10
Sports
Nov 15, 2010
All 129 FBS college football nicknames
71,920
4.58
Sports
Sep 15, 2010
Living Baseball Hall of Famers
8,692
4.45
Sports
Aug 19, 2010
MLB Top 300 career RBIs
5,381
4.91
Sports
Apr 2, 2018
The 129 FBS college football schools
2,558
4.12
Sports
Feb 19, 2010
Go to Creator's Profile
Score Distribution
Quiz Creator Spotlight
cmal33
Follow
Send a Message
Quizzes Created
-
Created Quiz Play Count
-
More By This Creator
Popular Quizzes Today
1
Find the US States - No Outlines Minefield
2
Find the Countries of Europe - No Outlines Minefield
3
The Countries of the World
4
Find the US States
5
Risky Map Clicking: Biggest States A-Z
6
US States
7
Popular People in 1961
8
Movies - When Are They Set?
More Sports Quizzes
Disc Golf 1100 Rated Rounds
Quiz Lab
Trending Quizzes
Risky Map Clicking: Least Populous States A-Z
Billboard Blitz: Aretha Franklin
Famous Russians: Author or Composer?
1-10 Letter G Words
Countries of the World: 200 Million BC
Recently Updated
Leaping Animals
pecheneg
Reality TV Shows (A-Z)
bhenderson79
Rickey Henderson's Hall of Fame Teammates
pecheneg
Champions League XIs: Arsenal
pecheneg
Quick Pick: Celebrities in WWE's Hall of Fame
aduchscher
A-Z Keypad Blitz II
pecheneg
Multiple Oscar Actors
pecheneg
Mystery Phrase Blitz: Oscar 'Best Actors'
pecheneg
F. Scott Fitzgerald Novels
LTH
Pick 3 Villains
ddd62291
Trending Topics
Kpop
Crossword
Harry Potter
Marvel
Anime
NBA
Disney
NFL
Pokémon
Puzzle
WWE
The Office
Country
Soccer
Song
Your Account Isn't Verified!
In order to create a playlist on Sporcle, you need to verify the email address you used during registration. Go to your
Sporcle Settings
to finish the process.
Report this User
Report this user for behavior that violates our
Community Guidelines
.
Details:
Send Report
Go to the Sporcle.com Mobile Site →
Comments